Liczba medali Letnich Igrzysk Olimpijskich 1932 - Statystyki

Ogólne statystyki
  • Ten quiz został rozwiązany 14 razy
  • Średni wynik to 9 z 10
Statystyki odpowiedzi
Medali Złoto Srebro Brąz Reprezentacja % Poprawnych
19 10 5 4 Francja
100%
20 3 12 5 Niemcy
100%
103 41 32 30 Stany Zjednoczone
100%
15 2 5 8 Kanada
93%
23 9 5 9 Szwecja
93%
16 4 7 5 Wielka Brytania
93%
36 12 12 12 Włochy
93%
25 5 8 12 Finlandia
86%
17 7 7 4 Japonia
71%
15 6 4 5 Węgry
50%
Nie znaleziono quizów pasujących do podanych kryteriów
Rozkład punktacji
Procent ludzi z każdym wynikiem
Percentyl według liczby udzielonych odpowiedzi
Twoja historia wyników
Nie rozwiązałeś tego quizu